000 00610nam a2200169Ia 4500
008 090201s9999 xx 000 0 und d
010 _aKPL-70890
040 _bमराठी
041 _aमराठी
082 _a49668
_b70890
100 _aआशा कर्दळे
245 _aअपवाद आणि दिशातूर ( रामबाग )
_cआशा कर्दळे
260 _c2006
_bपारस पब्लिकेशन्स्
300 _a184
_bमध्यम
600 _aअपवाद आणि दिशातूर ( रामबाग )
942 _cBOOK
999 _c246224
_d246224